[Event "Online Olym Div4 A 2020"]
[Site "chess.com INT"]
[Date "2020.07.31"]
[Round "1.1"]
[Board "1"]
[White "Ayyad, Husain"]
[Black "Muhammed, Shuaau"]
[Result "1/2-1/2"]
[WhiteTitle "FM"]
[BlackTitle "FM"]
[WhiteElo "2209"]
[BlackElo "1925"]
[WhiteTeam "Bahrain"]
[BlackTeam "Maldives"]
[WhiteFideId "11200243"]
[BlackFideId "16700406"]
[EventDate "2020.07.31"]
[EventType "team"]

1. e4 e5 2. Nf3 Nc6 3. d4 exd4 4. Bc4 Nf6 5. e5 d5 6. Bb5 Ne4 7. Nxd4 Bc5 8. O-O
O-O 9. Bxc6 bxc6 10. Be3 Qe8 11. Re1 Qxe5 12. Nxc6 Qd6 13. Nd4 Bb6 14. Nd2 Nxd2
15. Qxd2 c5 16. Nf3 Bb7 17. Bf4 Qd8 18. c3 d4 19. Ne5 Qd5 20. f3 f6 21. c4 Qd8
22. Nd3 Qd7 23. Re2 Rfe8 24. Rae1 Kf7 25. b3 Rxe2 26. Qxe2 g5 27. Bg3 h5 28. f4
g4 29. Bh4 Re8 30. Qxe8+ Qxe8 31. Rxe8 Kxe8 32. Bxf6 Be4 33. Nc1 Ba5 34. Kf2 Bd2
35. Ne2 Bb1 36. a3 d3 37. Nc3 Bc2 38. b4 Kf7 39. Be5 cxb4 40. axb4 Bc1 41. c5
Ke6 42. c6 Ba3 43. c7 Kd7 44. Nb5 Bxb4 45. Bc3 Bxc3 46. Nxc3 Kxc7 47. Ke3 Kd6
48. Nb5+ Ke6 49. Nxa7 Kf5 50. g3 Bb1 51. Nc6 h4 52. Ne5 hxg3 53. hxg3 Ba2 54.
Nxd3 Bd5 55. Kd4 Bg2 56. Nb4 Bh1 57. Nd5 Bf3 58. Ne3+ Kf6 59. Kc5 Ke6 60. Kd4
Kf6 61. Nc4 Kf5 62. Ne5 Bh1 63. Kc5 Be4 64. Kd4 Bg2 65. Nc4 Bf3 66. Nd2 Bd1 67.
Kc5 Ke6 68. Kc6 Ba4+ 69. Kc5 Bd1 70. Nc4 Be2 71. Ne3 Bf3 72. Kc4 Kf6 73. Kd4 Ke6
74. Nf1 Kf5 75. Ke3 Bd1 76. Nd2 Kf6 77. Ne4+ Kf5 78. Nd6+ Kf6 79. Nb5 Bf3 80.
Nd4 Ba8 81. Kd3 Bg2 82. Kc4 Be4 83. Kc5 Bg2 84. Kd6 Be4 85. Ne6 Bf3 86. Ng5 Kf5
87. Ne6 Kf6 88. Nc5 Bg2 89. Nb3 Bf3 90. Nd4 Bd1 91. Kd7 Ba4+ 92. Kd6 Bd1 93. Kd5
Bf3+ 94. Kd6 Bd1 1/2-1/2

[Event "Online Olym Div4 A 2020"]
[Site "chess.com INT"]
[Date "2020.07.31"]
[Round "1.1"]
[Board "2"]
[White "Mohamed, Hassan MDV"]
[Black "Al-Ghasra, Ali"]
[Result "1/2-1/2"]
[WhiteTitle "CM"]
[BlackTitle "CM"]
[WhiteElo "1837"]
[BlackElo "2048"]
[WhiteTeam "Maldives"]
[BlackTeam "Bahrain"]
[WhiteFideId "16700058"]
[BlackFideId "11200057"]
[EventDate "2020.07.31"]
[EventType "team"]

1. e4 c5 2. Nf3 e6 3. g3 d6 4. Bg2 Nf6 5. d3 h6 6. Nc3 Nc6 7. h3 a6 8. O-O Be7
9. a3 O-O 10. Kh2 Qc7 11. d4 cxd4 12. Nxd4 Bd7 13. f4 Rac8 14. f5 Qb6 15. Nxc6
Bxc6 16. fxe6 fxe6 17. Qe2 Nd7 18. Bxh6 Ne5 19. Bf4 Qxb2 20. Bxe5 dxe5 21. Qg4
Bd7 22. Nd5 exd5 23. Qxd7 Rxc2 24. Rxf8+ Bxf8 25. Qxd5+ Kh8 26. Rg1 Bc5 27. Qd8+
Kh7 28. Qh4+ Kg8 29. Qd8+ Kh7 30. Qh4+ Kg8 31. Qd8+ Kh7 1/2-1/2

[Event "Online Olym Div4 A 2020"]
[Site "chess.com INT"]
[Date "2020.07.31"]
[Round "1.3"]
[Board "5"]
[White "Mcligeyo, Robert"]
[Black "Zazali, Abdul Zahirul"]
[Result "1-0"]
[WhiteElo "1688"]
[BlackElo "1629"]
[WhiteTeam "Kenya"]
[BlackTeam "Brunei Darussalam"]
[WhiteFideId "10814647"]
[BlackFideId "10502122"]
[EventDate "2020.07.31"]
[EventType "team"]

1. d4 Nf6 2. c4 e6 3. Nf3 d5 4. Nc3 c6 5. Bg5 Nbd7 6. e3 Be7 7. Qc2 h6 8. Bh4
O-O 9. Rd1 Re8 10. a3 a5 11. Bd3 dxc4 12. Bxc4 b5 13. Ba2 Bb7 14. O-O Nd5 15.
Bxe7 Nxe7 16. Bb1 Ng6 17. Ne4 Nf6 18. Nc5 Qb6 19. Nxb7 Qxb7 20. Ne5 Nxe5 21.
dxe5 Nh5 22. g4 f5 23. gxh5 Qe7 24. Qxc6 Rac8 25. Qf3 b4 26. axb4 Qxb4 27. Qe2
Kh8 28. Kh1 Qb7+ 29. f3 Qf7 30. f4 Qb7+ 31. Qg2 Qa7 32. Rg1 Re7 33. Rd3 Qc5 34.
Rgd1 Rce8 35. R3d2 Qxe3 36. Rd4 Rc7 37. Rd8 Re7 38. Qc6 Kh7 39. Bxf5+ exf5 40.
Qg6+ 1-0

[Event "Online Olym Div4 A 2020"]
[Site "chess.com INT"]
[Date "2020.07.31"]
[Round "1.4"]
[Board "4"]
[White "Su Laet Nandar"]
[Black "Promsirinimit, Pornouma"]
[Result "1/2-1/2"]
[WhiteElo "1552"]
[BlackElo "1559"]
[WhiteTeam "Myanmar"]
[BlackTeam "Thailand"]
[WhiteFideId "13005251"]
[BlackFideId "6204171"]
[EventDate "2020.07.31"]
[EventType "team"]

1. d4 Nf6 2. Bf4 d6 3. Nf3 Nbd7 4. Nbd2 g6 5. h3 Bg7 6. e3 O-O 7. Be2 Re8 8. Bh2
e5 9. dxe5 dxe5 10. O-O e4 11. Nd4 c5 12. Nb5 Ne5 13. Nc3 Nc6 14. Nb3 b6 15.
Qxd8 Rxd8 16. Rad1 Be6 17. f3 Nd5 18. Nxd5 Bxd5 19. c3 exf3 20. Bxf3 Bxf3 21.
gxf3 Ne5 22. Bxe5 Bxe5 23. f4 Bf6 24. Kg2 a5 25. a4 Kg7 26. Nd2 Rd3 27. Nc4 Rxd1
28. Rxd1 Rb8 29. Rd6 Bd8 30. Kf3 Bc7 31. Rc6 Bd8 32. e4 h6 33. Rd6 Bc7 34. Rd7
Bd8 35. Ne5 Bh4 36. Nxf7 Re8 37. Nd6+ Re7 38. Rxe7+ Bxe7 39. Nc8 Bd8 40. e5 Kf7
41. Ke4 Ke6 42. Nd6 Bc7 43. Nc4 1/2-1/2

[Event "Online Olym Div4 A 2020"]
[Site "chess.com INT"]
[Date "2020.07.31"]
[Round "1.5"]
[Board "3"]
[White "Shih, Ching-An"]
[Black "Deng, Jing Xin Crystal"]
[Result "0-1"]
[WhiteTitle "WFM"]
[BlackTitle "WCM"]
[WhiteElo "1582"]
[BlackElo "1914"]
[WhiteTeam "Chinese Taipei"]
[BlackTeam "Hong Kong"]
[WhiteFideId "16300653"]
[BlackFideId "6002439"]
[EventDate "2020.07.31"]
[EventType "team"]

1. e4 c5 2. Nf3 Nc6 3. c3 d5 4. exd5 Qxd5 5. d4 Bg4 6. Be2 e6 7. Be3 cxd4 8.
Nxd4 Qxg2 9. Bf3 Qxh1+ 10. Bxh1 Bxd1 11. Nxc6 Bc2 12. Nxa7 Rb8 13. Nb5 Nf6 14.
Nd2 Nd5 15. Ba7 Rd8 16. c4 Nf4 17. Bxb7 Bb4 18. Bc6+ Ke7 19. Be3 Nd3+ 20. Ke2
Nxb2 21. a3 Bd3+ 22. Ke1 Ba5 23. Bc5+ Kf6 24. Bd4+ Rxd4 25. Nxd4 Rb8 26. c5 Nc4
27. Nf3 Nxd2 28. Nxd2 Rb2 29. Rd1 Bc2 30. Ra1 Bb3 31. Bf3 Rxd2 32. Kf1 Rc2 33.
c6 Bd5 34. Bxd5 exd5 35. Rd1 Ke6 36. Rd3 Rxc6 37. Re3+ Kd6 38. Kg2 Rc3 39. Re2
Rxa3 40. Rb2 d4 41. Kf1 d3 42. Rb7 Ra1+ 43. Kg2 d2 44. Rxf7 d1=Q 45. Rxg7 Qg1+
46. Kh3 Qxg7 47. f4 Ra3+ 48. Kh4 Be1+ 49. Kh5 Qg6# 0-1

[Event "Online Olym Div4 A 2020"]
[Site "chess.com INT"]
[Date "2020.07.31"]
[Round "2.1"]
[Board "2"]
[White "Lau, Lut Yin Luke"]
[Black "Mohamed, Hassan MDV"]
[Result "1/2-1/2"]
[BlackTitle "CM"]
[WhiteElo "1991"]
[BlackElo "1837"]
[WhiteTeam "Hong Kong"]
[BlackTeam "Maldives"]
[WhiteFideId "6002226"]
[BlackFideId "16700058"]
[EventDate "2020.07.31"]
[EventType "team"]

1. e4 d6 2. d4 Nf6 3. Nc3 g6 4. g3 Bg7 5. Bg2 O-O 6. Nge2 e5 7. O-O exd4 8. Nxd4
c6 9. Re1 Qb6 10. h3 Nbd7 11. Nb3 Qc7 12. Bf4 Ne5 13. Qe2 a5 14. a4 b6 15. Rad1
Nh5 16. Bxe5 dxe5 17. Qe3 Be6 18. Nd2 Rad8 19. Bf1 Rd7 20. Nc4 Bxc4 21. Bxc4
Rfd8 22. Qf3 Rxd1 23. Rxd1 Rxd1+ 24. Qxd1 Bf8 25. Qf3 Bc5 26. Kg2 Qe7 27. Nd1
Kg7 28. Ne3 f6 29. Bb3 Qd6 30. Qxh5 Bxe3 31. Qe2 Bc5 32. Qc4 Qd4 33. Qf7+ Kh6
34. Qxf6 Qxe4+ 35. Qf3 Qxf3+ 36. Kxf3 Kg7 37. Be6 Bd6 38. Bd7 c5 39. Ke4 Kf6 40.
Kd5 Ke7 41. Bb5 Bc7 42. Kc6 Bd8 43. Bc4 g5 44. f3 h6 45. Bd5 Kf6 46. Kd7 Be7 47.
Be4 c4 48. Bd5 c3 49. bxc3 Bc5 50. c4 Bf2 51. g4 Bc5 52. Ke8 Ba3 53. Kd8 Bc5 54.
Kd7 Bf2 55. Kd6 Bc5+ 56. Kc6 Bf2 57. Be4 Bc5 58. Bf5 Bf2 59. Bc8 Bc5 60. Bb7 Bf2
61. Kd7 Bc5 62. Ke8 Ba3 63. Bd5 Bc5 64. Kd7 Bf2 65. Kc7 Bc5 66. Kc6 Bf2 67. Kb5
Bc5 68. Ka6 Bf2 69. Kb7 Bc5 70. Kc6 1/2-1/2

[Event "Online Olym Div4 A 2020"]
[Site "chess.com INT"]
[Date "2020.07.31"]
[Round "2.3"]
[Board "4"]
[White "Promsirinimit, Pornouma"]
[Black "Hj, Azahari Siti Nur Fatanah"]
[Result "1/2-1/2"]
[WhiteElo "1559"]
[BlackElo "1878"]
[WhiteTeam "Thailand"]
[BlackTeam "Brunei Darussalam"]
[WhiteFideId "6204171"]
[BlackFideId "10500340"]
[EventDate "2020.07.31"]
[EventType "team"]

1. e4 e5 2. Nf3 Nc6 3. Bb5 Nf6 4. d3 d6 5. O-O Be7 6. Nc3 O-O 7. h3 a6 8. Bxc6
bxc6 9. Ne2 Rb8 10. b3 c5 11. Ng3 Re8 12. Nh2 h6 13. f4 exf4 14. Bxf4 d5 15. e5
Nh7 16. Ng4 Bg5 17. Bxg5 Qxg5 18. Qf3 Be6 19. c3 h5 20. Ne3 h4 21. Ne2 Qxe5 22.
d4 cxd4 23. Nxd4 Ng5 24. Qe2 Bd7 25. Rae1 Qg3 26. Kh1 Bxh3 27. gxh3 Qxh3+ 28.
Qh2 Rxe3 29. Qxh3 Rxh3+ 30. Kg2 Rxc3 31. Nf5 Rb4 32. Ne7+ Kh7 33. Nxd5 Rcc4 34.
bxc4 Rxc4 35. Rf4 Rc2+ 36. Rf2 h3+ 37. Kg3 Rc6 38. Nf4 Rc3+ 39. Kg4 Kh6 40. Nxh3
Rxh3 41. Rxf7 Ra3 42. Rxc7 Ra4+ 43. Kg3 Ra3+ 44. Kg4 Ra4+ 45. Kg3 Ra3+ 46. Kg4 1/2-1/2

[Event "Online Olym Div4 A 2020"]
[Site "chess.com INT"]
[Date "2020.07.31"]
[Round "2.4"]
[Board "2"]
[White "Gohil, Mehul"]
[Black "Njau, Albert"]
[Result "0-1"]
[WhiteElo "1983"]
[BlackElo "1805"]
[WhiteTeam "Kenya"]
[BlackTeam "Tanzania"]
[WhiteFideId "10800999"]
[BlackFideId "10002324"]
[EventDate "2020.07.31"]
[EventType "team"]

1. d4 Nf6 2. Bg5 d5 3. Bxf6 exf6 4. e3 Be6 5. g3 Nd7 6. Bg2 c5 7. dxc5 Qa5+ 8.
Nc3 Nxc5 9. Ne2 Ne4 10. O-O O-O-O 11. a3 Be7 12. b4 Nxc3 13. Nxc3 Qa6 14. Nxd5
Bd6 15. c4 Kb8 16. Qb3 Be5 17. Rac1 Rhe8 18. b5 Qa5 19. a4 Rc8 20. c5 f5 21.
Rfd1 g5 22. f4 Bf6 23. Qb1 Bxd5 24. Bxd5 Rxe3 25. Qxf5 Bb2 26. Rc2 Re1+ 27. Rxe1
Qxe1+ 28. Kg2 Qb1 29. c6 g4 30. Qxf7 Qxc2+ 31. Kg1 Bd4+ 32. Kh1 Qd1+ 33. Kg2
Qg1# 0-1

[Event "Online Olym Div4 A 2020"]
[Site "chess.com INT"]
[Date "2020.07.31"]
[Round "3.5"]
[Board "2"]
[White "Nay Oo Kyaw, Tun"]
[Black "Lau, Lut Yin Luke"]
[Result "1/2-1/2"]
[WhiteTitle "IM"]
[WhiteElo "2385"]
[BlackElo "1991"]
[WhiteTeam "Myanmar"]
[BlackTeam "Hong Kong"]
[WhiteFideId "13000110"]
[BlackFideId "6002226"]
[EventDate "2020.07.31"]
[EventType "team"]

1. d4 d5 2. Bf4 Nf6 3. e3 e6 4. Nf3 Bd6 5. Bg3 c5 6. c3 Nc6 7. Nbd2 O-O 8. Bd3
b6 9. Ne5 Bb7 10. f4 Ne7 11. Qf3 Nf5 12. Bf2 Be7 13. Ng4 Nxg4 14. Qxg4 Nd6 15.
Qh3 Ne4 16. Nf3 Rc8 17. Bh4 cxd4 18. exd4 Bxh4+ 19. Nxh4 b5 20. a3 Rb8 21. O-O
Bc8 22. Nf3 e5 23. f5 exd4 24. Nxd4 a6 25. Rad1 Qf6 26. Qf3 Bb7 27. Qf4 Rbe8 28.
Rde1 Qe5 29. Qxe5 Rxe5 30. Re3 Ree8 31. Rfe1 Nd6 32. Re7 Rxe7 33. Rxe7 Rd8 34.
Kf2 Kf8 35. Rc7 Rc8 36. Rxc8+ Bxc8 37. g4 h6 38. h4 Ke7 39. Ke3 Bd7 40. Kf4 f6
41. Nb3 Nb7 42. Nd4 Kd6 43. g5 hxg5+ 44. hxg5 Nd8 45. g6 Nc6 46. Nxc6 Bxc6 47.
b4 Bb7 48. Be2 Bc8 49. Bd3 Bb7 50. Be2 Bc8 51. Bd3 Bb7 1/2-1/2

[Event "Online Olym Div4 A 2020"]
[Site "chess.com INT"]
[Date "2020.08.01"]
[Round "4.1"]
[Board "3"]
[White "Nihaya, Ahmed"]
[Black "May Hsu Lwin"]
[Result "0-1"]
[WhiteElo "1196"]
[BlackElo "2086"]
[WhiteTeam "Maldives"]
[BlackTeam "Myanmar"]
[WhiteFideId "16700414"]
[BlackFideId "13002970"]
[EventDate "2020.07.31"]
[EventType "team"]

1. e4 c5 2. Nf3 Nc6 3. Nc3 d6 4. d4 cxd4 5. Nxd4 a6 6. Be2 Nf6 7. Be3 e6 8. f3
Qc7 9. O-O Be7 10. Qd2 b5 11. a3 Bb7 12. Rad1 O-O 13. Bf2 Rac8 14. Qe3 Ne5 15.
Rd2 h6 16. f4 Neg4 17. Bxg4 Nxg4 18. Qg3 Nxf2 19. Rfxf2 Bf6 20. Rfe2 Qb6 21. e5
dxe5 22. fxe5 Bg5 23. Rd3 Rfd8 24. Qg4 Rc4 25. Nxb5 axb5 26. c3 Be7 27. Rg3 g6
28. Qh5 Kh7 29. Qh3 Bc5 30. Rg4 Bxd4+ 31. cxd4 Rcxd4 32. Rxd4 Qxd4+ 33. Kf1 Qf4+
34. Ke1 Rc8 35. Kd1 Rc1# 0-1

[Event "Online Olym Div4 A 2020"]
[Site "chess.com INT"]
[Date "2020.08.01"]
[Round "4.1"]
[Board "4"]
[White "Su Laet Nandar"]
[Black "Aishath Alya Mohamed Shareef"]
[Result "1/2-1/2"]
[WhiteElo "1552"]
[BlackElo "1098"]
[WhiteTeam "Myanmar"]
[BlackTeam "Maldives"]
[WhiteFideId "13005251"]
[BlackFideId "16700660"]
[EventDate "2020.07.31"]
[EventType "team"]

1. d4 d5 2. Bf4 e6 3. Nd2 Nf6 4. Ngf3 Nbd7 5. e3 Be7 6. Bd3 O-O 7. h3 Re8 8. Bh2
h6 9. c3 c6 10. O-O b5 11. Ne5 Nxe5 12. dxe5 Nd7 13. f4 Rf8 14. Nf3 Qe8 15. Nd4
Bb7 16. Bc2 Bd8 17. Qd3 f5 18. b4 a6 19. Qe2 Bh4 20. g3 Bd8 21. Rf2 Bb6 22. Rg2
Bxd4 23. exd4 Rc8 24. g4 Qe7 25. gxf5 exf5 26. Rf1 Qe6 27. Qh5 Rf7 28. Rg6 Qe7
29. Rf2 Re8 30. Qf3 Bc8 31. Rfg2 Nb6 32. Rxc6 Nd7 33. Rcg6 Bb7 34. e6 Rff8 35.
exd7 Qxd7 36. Qf2 Rf7 37. R6g3 Ree7 38. Re3 Rxe3 39. Qxe3 Qe7 40. Qxe7 Rxe7 41.
Kf2 Rf7 42. Rg1 Re7 43. Re1 Rxe1 44. Kxe1 g6 45. Kf2 Kf7 46. Kf3 Kf6 47. h4 h5
48. Bg1 Bc6 49. Be3 Ke6 50. Ke2 Kf6 51. Kd1 Ke6 52. Kc1 Kd6 53. Kb2 Kc7 54. a4
bxa4 55. Ka3 Kb6 56. Bxa4 Bb5 57. Bxb5 axb5 58. Kb3 Kc6 59. Kc2 Kd6 60. Kd3 Kc6
61. Bd2 Kd6 62. Ke3 Kc6 63. Kf3 Kd6 64. Ke2 Kc6 65. Kd1 Kd6 66. Kc2 Kc6 67. Kb3
Kb6 68. Ka2 Kc6 69. Kb3 Kb6 70. Kb2 Kc6 71. Kb3 1/2-1/2

[Event "Online Olym Div4 A 2020"]
[Site "chess.com INT"]
[Date "2020.08.01"]
[Round "4.5"]
[Board "2"]
[White "Gohil, Mehul"]
[Black "Jaiswal, Rupesh"]
[Result "1/2-1/2"]
[BlackTitle "FM"]
[WhiteElo "1983"]
[BlackElo "2115"]
[WhiteTeam "Kenya"]
[BlackTeam "Nepal"]
[WhiteFideId "10800999"]
[BlackFideId "12300870"]
[EventDate "2020.07.31"]
[EventType "team"]

1. d4 Nf6 2. Bg5 e6 3. e4 Be7 4. e5 Nd5 5. Bxe7 Qxe7 6. c4 Nb6 7. Nc3 Qb4 8. Rb1
Nxc4 9. Nf3 d6 10. Qc2 d5 11. Bd3 h6 12. O-O a6 13. a3 Qe7 14. Bxc4 dxc4 15.
Qa4+ Bd7 16. Qxc4 Bc6 17. d5 exd5 18. Nxd5 Bxd5 19. Qxd5 Nc6 20. Rfe1 O-O 21. e6
Rad8 22. Qb3 fxe6 23. Qxb7 Nd4 24. Nxd4 Rxd4 25. Qxa6 e5 26. Rbd1 Rxd1 27. Rxd1
Qc5 28. Qe2 Rb8 29. h3 Rf8 30. Rd2 Qc1+ 31. Kh2 Qc5 32. f3 Rb8 33. Rc2 Qd4 34.
Qc4+ Qxc4 35. Rxc4 Rxb2 36. Rxc7 Ra2 37. Ra7 Kh7 38. a4 Kg6 39. a5 Ra4 40. Kg3
h5 41. a6 Ra3 42. Kf2 Ra2+ 43. Kg1 Ra1+ 44. Kh2 h4 45. Ra8 Kg5 46. a7 g6 47. Re8
Rxa7 48. Rxe5+ Kh6 49. Kg1 Ra2 50. Kf1 Ra1+ 51. Kf2 Ra2+ 52. Re2 Ra3 53. g3
hxg3+ 54. Kxg3 g5 55. Rb2 Kh5 56. Rb8 Ra4 57. Rh8+ Kg6 58. Rb8 Kh5 59. Rb6 Rc4
60. Ra6 Rb4 61. Ra8 Rc4 62. Rh8+ Kg6 63. h4 Rxh4 64. Rxh4 gxh4+ 65. Kxh4 Kf5 66.
Kg3 Kg5 1/2-1/2

[Event "Online Olym Div4 A 2020"]
[Site "chess.com INT"]
[Date "2020.08.01"]
[Round "4.5"]
[Board "6"]
[White "Shah, Krishi"]
[Black "Neupane, Anisha"]
[Result "1/2-1/2"]
[WhiteTitle "WFM"]
[WhiteElo "1602"]
[BlackElo "1443"]
[WhiteTeam "Kenya"]
[BlackTeam "Nepal"]
[WhiteFideId "10801057"]
[BlackFideId "12311642"]
[EventDate "2020.07.31"]
[EventType "team"]

1. e4 c5 2. Nf3 d6 3. d4 cxd4 4. Nxd4 Nf6 5. Nc3 g6 6. Be3 Bg7 7. Be2 O-O 8. Qd2
Nc6 9. Nxc6 bxc6 10. O-O-O Qc7 11. h4 h5 12. Rdg1 Rb8 13. f3 Qb7 14. b3 d5 15.
Bh6 dxe4 16. Bxg7 Kxg7 17. Nxe4 Nxe4 18. fxe4 Qb4 19. Qxb4 Rxb4 20. Bf3 Rd8 21.
Rd1 Rbd4 22. Rxd4 Rxd4 23. Rd1 c5 24. Rxd4 cxd4 25. Kd2 Ba6 26. Be2 Bxe2 27.
Kxe2 Kf6 28. Kd3 e5 29. b4 Ke6 30. c3 dxc3 31. Kxc3 Kd6 32. a4 f5 33. Kd3 a6 34.
g3 Kc6 35. Ke3 Kd6 36. Kd3 Kc6 37. Ke2 Kb6 38. Kd3 Kc6 1/2-1/2

[Event "Online Olym Div4 A 2020"]
[Site "chess.com INT"]
[Date "2020.08.01"]
[Round "5.1"]
[Board "6"]
[White "Abdul Rasheed, Mariyam Laisa"]
[Black "Gosrani, Naiya"]
[Result "1/2-1/2"]
[WhiteElo "1180"]
[BlackElo "1331"]
[WhiteTeam "Maldives"]
[BlackTeam "Kenya"]
[WhiteFideId "16701364"]
[BlackFideId "10805397"]
[EventDate "2020.07.31"]
[EventType "team"]

1. e4 e5 2. Nf3 Nc6 3. Bc4 Bc5 4. d4 exd4 5. c3 dxc3 6. Bxf7+ Kxf7 7. Qd5+ Ke8
8. Qxc5 d6 9. Qxc3 Nf6 10. Bg5 Rf8 11. O-O Kf7 12. Rd1 Qe7 13. Re1 Kg8 14. Nbd2
Qf7 15. Bxf6 Qxf6 16. e5 dxe5 17. Ne4 Qf7 18. Re2 Bg4 19. Re3 Bxf3 20. Rxf3 Qg6
21. Rxf8+ Rxf8 22. Qe3 Qf7 23. Rf1 Qxa2 24. f4 exf4 25. Rxf4 Qb1+ 26. Kf2 Qxb2+
27. Kg3 Rxf4 28. Qxf4 Qb3+ 29. Kg4 Qe6+ 30. Kf3 Qb3+ 31. Kg4 Qd1+ 32. Kg3 Qb3+
33. Kf2 Qc2+ 34. Kf3 Qd3+ 35. Kg4 Qe2+ 36. Kh4 Qe1+ 37. g3 Qb4 38. Qf5 Qe7+ 39.
Ng5 g6 40. Qd5+ Kf8 41. Qf3+ Kg8 1/2-1/2

[Event "Online Olym Div4 A 2020"]
[Site "chess.com INT"]
[Date "2020.08.01"]
[Round "5.3"]
[Board "4"]
[White "Alsalti, Rania"]
[Black "Chen, Chi"]
[Result "1/2-1/2"]
[WhiteElo "1287"]
[BlackElo "1588"]
[WhiteTeam "Bahrain"]
[BlackTeam "Chinese Taipei"]
[WhiteFideId "11203897"]
[BlackFideId "16301633"]
[EventDate "2020.07.31"]
[EventType "team"]

1. e4 e6 2. d4 d5 3. Nc3 Nf6 4. Bg5 Be7 5. exd5 exd5 6. Nf3 O-O 7. Bd3 h6 8. Bd2
c6 9. O-O Bg4 10. h3 Bh5 11. Bf4 Nbd7 12. Re1 Re8 13. Bf5 Nf8 14. Qd3 Bg6 15.
Nh4 Bh7 16. Bxh7+ N6xh7 17. Nf5 Ng6 18. Bd2 Bg5 19. Rxe8+ Qxe8 20. Re1 Qd7 21.
Bxg5 Nxg5 22. Kh1 Nf4 23. Ne7+ Kf8 24. Qf5 Qc7 25. Ne2 Qxe7 26. Qxf4 Re8 27. Qc1
Qe4 28. Kg1 Qg6 29. Kh2 Qd6+ 30. Kh1 Qe6 31. Kg1 Qg6 32. Kh2 Qd6+ 33. Kg1 Qg6 1/2-1/2

[Event "Online Olym Div4 A 2020"]
[Site "chess.com INT"]
[Date "2020.08.01"]
[Round "5.4"]
[Board "1"]
[White "Deng, Yu Dong Michael"]
[Black "Njau, Albert"]
[Result "1/2-1/2"]
[WhiteTitle "CM"]
[WhiteElo "2138"]
[BlackElo "1805"]
[WhiteTeam "Hong Kong"]
[BlackTeam "Tanzania"]
[WhiteFideId "6002420"]
[BlackFideId "10002324"]
[EventDate "2020.07.31"]
[EventType "team"]

1. d4 Nf6 2. c4 e6 3. Nf3 Bb4+ 4. Bd2 a5 5. g3 b6 6. Bg2 Bb7 7. O-O O-O 8. Nc3
Bxc3 9. Bxc3 Ne4 10. Qc2 d5 11. Nd2 Nxc3 12. Qxc3 Na6 13. a3 c5 14. cxd5 Bxd5
15. Nf3 Rc8 16. Rad1 Qc7 17. Qd3 Qb7 18. Ng5 g6 19. e4 Bc6 20. d5 Ba4 21. b3 c4
22. Qd4 Bxb3 23. dxe6 fxe6 24. Nxe6 Qf7 25. Nxf8 Bxd1 26. Rxd1 c3 27. e5 Kxf8
28. Qd6+ Qe7 29. Bh3 c2 30. Rc1 Rd8 31. Qxe7+ Kxe7 32. Rxc2 Nc5 33. Rb2 Rb8 34.
f4 Rb7 35. Bg2 Rb8 36. Bf1 Ne4 37. Kg2 Nc3 38. Rb3 Ne4 39. Rb2 Nc5 40. Kf3 Rb7
41. Bb5 Rb8 42. Rd2 Rb7 43. g4 Ne6 44. f5 Nc5 45. f6+ Ke6 46. Kf4 g5+ 47. Ke3
Kxe5 48. Rf2 Rf7 49. Rf5+ Kd6 50. Bc4 Rf8 51. f7 Nd7 52. Rxg5 Ne5 53. Bb3 Nxf7
54. Rg7 Ne5 55. Rxh7 Nxg4+ 56. Ke4 Nf2+ 57. Kd4 Rf4+ 58. Ke3 Rf6 59. h4 Ng4+ 60.
Ke4 Nf2+ 61. Kd4 Rf4+ 62. Ke3 Rf6 63. Rg7 Nh3 64. Rg3 Nf2 65. Rf3 Ng4+ 66. Ke4
Nf2+ 67. Ke3 Ng4+ 68. Ke4 Nf2+ 1/2-1/2

[Event "Online Olym Div4 A 2020"]
[Site "chess.com INT"]
[Date "2020.08.01"]
[Round "5.5"]
[Board "1"]
[White "Wynn, Zaw Htun"]
[Black "Azahari, Aliuddin"]
[Result "1/2-1/2"]
[WhiteTitle "IM"]
[BlackTitle "FM"]
[WhiteElo "2508"]
[BlackElo "1960"]
[WhiteTeam "Myanmar"]
[BlackTeam "Brunei Darussalam"]
[WhiteFideId "13002783"]
[BlackFideId "10500324"]
[EventDate "2020.07.31"]
[EventType "team"]

1. Nf3 d5 2. g3 Nf6 3. Bg2 g6 4. O-O Bg7 5. d3 O-O 6. Nbd2 Nbd7 7. e4 dxe4 8.
dxe4 e5 9. Re1 Qe7 10. b3 Nc5 11. a4 Rd8 12. Ba3 b6 13. Qe2 Bb7 14. a5 Rac8 15.
Qc4 Nfd7 16. a6 Ba8 17. Bh3 Rb8 18. b4 b5 19. Qc3 Nxa6 20. Bb2 Bb7 21. Nb3 Qxb4
22. Qe3 Nac5 23. Rxa7 Nxb3 24. cxb3 Nc5 25. Ba3 Qxe4 1/2-1/2

[Event "Online Olym Div4 A 2020"]
[Site "chess.com INT"]
[Date "2020.08.01"]
[Round "6.1"]
[Board "1"]
[White "Muhammed, Shuaau"]
[Black "Azahari, Aliuddin"]
[Result "1/2-1/2"]
[WhiteTitle "FM"]
[BlackTitle "FM"]
[WhiteElo "1925"]
[BlackElo "1960"]
[WhiteTeam "Maldives"]
[BlackTeam "Brunei Darussalam"]
[WhiteFideId "16700406"]
[BlackFideId "10500324"]
[EventDate "2020.07.31"]
[EventType "team"]

1. e4 d6 2. d4 Nf6 3. Nc3 e5 4. dxe5 dxe5 5. Qxd8+ Kxd8 6. Nf3 Bd6 7. Bg5 Be6 8.
O-O-O Nd7 9. Nd5 h6 10. Nxf6 Nxf6 11. Bxf6+ gxf6 12. Be2 Rg8 13. Nh4 Ke7 14. g3
Bc5 15. f3 Rad8 16. a3 c6 17. a4 Rd7 18. Rxd7+ Kxd7 19. Rd1+ Kc7 20. b3 h5 21.
Bc4 Be3+ 22. Kb2 Rd8 23. Rxd8 Kxd8 24. Nf5 Bxf5 25. exf5 Bg1 26. h3 Ke7 27. Kc3
Bf2 28. g4 h4 29. Kd3 a5 30. c3 Be1 31. Kc2 Ke8 32. Bf1 Kd7 33. Be2 Kd6 34. Bf1
Ke7 35. Kd3 Kd6 36. Kc4 b5+ 37. axb5 cxb5+ 38. Kxb5 Bxc3 39. Kc4 Bb4 40. Kd3 Kc5
41. Ke4 Kd6 42. Bc4 Ke7 43. g5 fxg5 44. Kxe5 Bc3+ 45. Ke4 f6 46. f4 Bd2 47. fxg5
fxg5 48. Ke5 Bc3+ 49. Ke4 Kf6 50. Be2 Bb4 51. Bg4 Be1 52. Kd4 Bb4 1/2-1/2

[Event "Online Olym Div4 A 2020"]
[Site "chess.com INT"]
[Date "2020.08.01"]
[Round "6.1"]
[Board "3"]
[White "Nihaya, Ahmed"]
[Black "Hj, Azahari Siti Nur Fatimah"]
[Result "0-1"]
[BlackTitle "WFM"]
[WhiteElo "1196"]
[BlackElo "1954"]
[WhiteTeam "Maldives"]
[BlackTeam "Brunei Darussalam"]
[WhiteFideId "16700414"]
[BlackFideId "10500359"]
[EventDate "2020.07.31"]
[EventType "team"]

1. e4 e5 2. Nf3 Nc6 3. d4 exd4 4. Nxd4 Nf6 5. Nc3 Bb4 6. Bf4 Nxe4 7. Qe2 Qe7 8.
Nb5 O-O 9. O-O-O Bxc3 10. bxc3 a6 11. f3 axb5 12. fxe4 Rxa2 13. Qxb5 Qxe4 14.
Bg5 Qxc2# 0-1